000 00644nam a2200217Ii 4500
003 JO-AjNU
008 230606s9999||||xx |||||||||||||| ||und||
020 _a978-1-84480-126-8/1-84480-126-8
040 _aJO-AjNU
_beng
_erda
_cJO-AjNU
041 _aeng
050 1 4 _aHF5548.2.2005
100 3 _aLucey,Terry,
_eauthor
_91051
245 0 0 _aManagement Information Systems
250 _a9th ed
264 3 1 _aAustralia:Thomson,2005
300 _a356p
_bIncludes indexes 353-356 p
336 _atext
_btxt
_2rdacontent
337 _aunmediated
_bn
_2rdamedia
338 _avolume
_bnc
_2rdacarrier
650 4 _aManagement Information Systems
_91052
999 _aE552
_c552
_d552